| 000 | 00380nam a2200145Ia 4500 | ||
|---|---|---|---|
| 008 | 230917s9999||||xx |||||||||||||| ||und|| | ||
| 040 |
_e141333 _aMAIN |
||
| 041 | _aEnglish | ||
| 082 | _a658.4 D686F | ||
| 100 | _adolan, Simon L | ||
| 245 | 0 | _aFundamentals of international organizational behaviour | |
| 260 |
_aNew Delhi _bSara Books _c2008 |
||
| 300 | _a367p p. | ||
| 942 | _cBK | ||
| 999 |
_c147743 _d147743 |
||